Public water supplies in central and north-central Texas, (Record no. 28242)

MARC details
000 -LEADER
fixed length control field 00872cam a22002411 4500
001 - CONTROL NUMBER
control field gs 48000029
003 - CONTROL NUMBER IDENTIFIER
control field DLC
005 - DATE AND TIME OF LATEST TRANSACTION
control field 20260227111353.0
008 - FIXED-LENGTH DATA ELEMENTS--GENERAL INFORMATION
fixed length control field 761116s1947 dcu 000 0 eng
010 ## - LIBRARY OF CONGRESS CONTROL NUMBER
LC control number gs 48000029
035 ## - SYSTEM CONTROL NUMBER
System control number (OCoLC)2560548
040 ## - CATALOGING SOURCE
Original cataloging agency DLC
Transcribing agency Tx
Modifying agency DLC
042 ## - AUTHENTICATION CODE
Authentication code premarc
050 00 - LIBRARY OF CONGRESS CALL NUMBER
Classification number TD224.T4
Item number S79
082 ## - DEWEY DECIMAL CLASSIFICATION NUMBER
Classification number 628.1
100 1# - MAIN ENTRY--PERSONAL NAME
Personal name Sundstrom, Raymond W.
Dates associated with a name 1904-
245 10 - TITLE STATEMENT
Title Public water supplies in central and north-central Texas,
Statement of responsibility, etc. by R. W. Sundstrom, W. L. Broadhurst, and Mrs. B. C. Dwyer. Prepared in cooperation between the Texas State Board of Water Engineers and the Geological Survey, U. S. Dept. of the Interior.
260 ## - PUBLICATION, DISTRIBUTION, ETC.
Place of publication, distribution, etc. [Washington]
Date of publication, distribution, etc. 1947.
300 ## - PHYSICAL DESCRIPTION
Extent 237 l.
Other physical details map.
Dimensions 28 cm.
500 ## - GENERAL NOTE
General note U.S. Geological Survey. Library for Library of Congress.
650 #0 - SUBJECT ADDED ENTRY--TOPICAL TERM
Topical term or geographic name entry element Water-supply
Geographic subdivision Texas.
650 #0 - SUBJECT ADDED ENTRY--TOPICAL TERM
Topical term or geographic name entry element Water
General subdivision Composition.

No items available.

Powered by Koha